Welcome to CU Library Online Public Access Catalogue (OPAC)

Macroeconomics Analysis/ (Record no. 63)

MARC details
000 -LEADER
fixed length control field 00487nam a22001697a 4500
005 - DATE AND TIME OF LATEST TRANSACTION
control field 20241018145147.0
008 - FIXED-LENGTH DATA ELEMENTS--GENERAL INFORMATION
fixed length control field 241018b |||||||| |||| 00| 0 eng d
020 ## - INTERNATIONAL STANDARD BOOK NUMBER
International Standard Book Number 9788122403787
050 ## - LIBRARY OF CONGRESS CALL NUMBER
Classification number HB172 BAR
100 ## - MAIN ENTRY--PERSONAL NAME
Personal name Barthwal R. R.
245 ## - TITLE STATEMENT
Title Macroeconomics Analysis/
Statement of responsibility, etc. R. R. Barthwal
260 ## - PUBLICATION, DISTRIBUTION, ETC.
Place of publication, distribution, etc. New Delhi
Name of publisher, distributor, etc. New Age International (P) Limited, Publishers
Date of publication, distribution, etc. c1992
300 ## - PHYSICAL DESCRIPTION
Extent xi. 445p.
Other physical details ill.
Dimensions 24cmx16cm
500 ## - GENERAL NOTE
General note Includes Index
650 ## - SUBJECT ADDED ENTRY--TOPICAL TERM
Source of heading or term Microeconomics
942 ## - ADDED ENTRY ELEMENTS (KOHA)
Source of classification or shelving scheme Library of Congress Classification
Koha item type Books
Suppress in OPAC No
999 ## -
-- 63
-- 63
Holdings
Withdrawn status Lost status Source of classification or shelving scheme Damaged status Not for loan Collection Home library Current library Shelving location Date acquired Total checkouts Full call number Barcode Date last seen Copy number Price effective from Koha item type
    Library of Congress Classification     Non-fiction Business Library (Miotso) Business Library (Miotso) General stacks 10/18/2024   HB172 BAR bssm00000045 10/18/2024 1 10/18/2024 Books
    Library of Congress Classification     Non-fiction Graduate Library (Christ Temple) Graduate Library (Christ Temple) General stacks 03/25/2025   HB 172 BAR GSCT00000808 03/25/2025 1 03/25/2025 Books
    Library of Congress Classification     Non-fiction Undergraduate Library (Christ Temple) Undergraduate Library (Christ Temple) General stacks 05/21/2025   HB172 BAR ulct00002559 05/21/2025 1 05/21/2025 Books
    Library of Congress Classification     Non-fiction Undergraduate Library (Christ Temple) Undergraduate Library (Christ Temple) General stacks 05/21/2025   HB172 BAR ulct00002560 05/21/2025 2 05/21/2025 Books
© 2023-2024 Copyright: Central University Libraries. All Rights Reserved | Created by: Mahone Tech Office